000 00538nam a2200193 a 4500
001 4787
003 CO-ViMGA
008 141112s2004 ck r 000 u spa d
040 _aCO-ViMGA
_bspa
_cCO-ViMGA
082 0 4 _aR903 V158
100 1 _aValverde, Jose María
_92947
245 1 0 _aDiccionario de historia
260 _aCórcega :
_bPlaneta,
_c1995
300 _a321 p
490 _aDiccionario de autor
590 _aDatos de inventario : 05512 - - Ejemplares : Ej. 3
650 1 4 _aHISTORIA - DICCIONARIOS
_953522
942 _2ddc
_cBK
999 _c16794
_d16794